000 00901nam a2200205Ia 4500
003 OSt
005 20241204104258.0
007 ca aa aaaaa
008 201103s9999 xx 000 0 und d
040 _cSSBUL
041 _abur
082 _a၂၉၄.၃၉၂၄ ဟန်
_223
_b၉၂၂၀ S-SAT
100 _a ဟန်၊ ဆရာ၊ ဆုထူးပန်
245 0 _aဆုထူးပန်အဘိဓမ္မာ(ဒုတိယဆင့်)/
_cဆုထူးပန်ဆရာဟန်
260 _aရန်ကုန် ၊
_bပြည်မြန်မာပုံနှိပ်တိုက်၊
_c၁၉၉၈။
300 _aဏ၊ ၃၂၉ စာမျက်နှာ၊
_c၂၉ စင်တီ။
500 _aS-SAT: Dr. Sai Aung Tun Collection
650 _aအဘိဓမ္မာ
_xသံသရာလမ်းညွှန်ပညာ
_955527
942 _2ddc
_cBK1
999 _c16703
_d16703